عرض عادي
عرض مارك
- Rodman, Robert,
مدخل إسم شخص
001 - رقم الضبط
- حقل الضبط: 88983
003 - معرف رقم الضبط
- حقل الضبط: OSt
005 - تاريخ ووقت أخر عملية
- حقل الضبط: 20211229032533.0
008 - عناصر بيانات ثابتة الطول
- حقل تحكم ثابت الطول: 211229|| aca||aabn | a|a d
040 ## - مصدر الفهرسة
- هيئة الفهرسة الأصلية: OSt
- وكالة الكتابة: OSt
100 ## - مدخل -- أسم شخص
- إسم شخص: Rodman, Robert,
670 ## - بيانات المصدر موجوده
- الاستشهاد بالمصدر: Work cat.: (OSt)0: Fromkin, Victoria, author. 88980, An introduction to language /
